Géographie de l'Afrique par lettre - K - Statistiques

Statistiques générales
  • Ce quiz a été pris 146 fois
  • Le résultat moyen est 6 sur 16
Statistiques - réponses
Indice Réponse % Correct
Pays à l'est de l'Afrique, ayant Nairobi pour capitale Kenya
100%
Point culminant du continent Kilimandjaro
95%
Capitale de la République Démocratique du Congo Kinshasa
92%
Plus grande ville du Rwanda Kigali
72%
Région historique d'Algérie, où se situent Tizi Ouzou et Sétif Kabylie
59%
Désert à cheval sur l'Afrique du Sud et la Namibie Kalahari
51%
Grande ville commerciale du Nigeria, en 4 lettres Kano
29%
Ville sainte de l'Islam, en Tunisie Kairouan
13%
Langue officielle du pays du dessus Kinyarwanda
13%
Grand Lac d'Afrique situé entre les deux pays du dessus Kivu
11%
Deuxième ville du Ghana Kumasi
9%
Monnaie de l'Angola Kwanza
8%
Deuxième peuple du Togo, derrière les Ewe Kabiyé
2%
Lac artificiel entre la Zambie et le Zimbabwe Kariba
2%
Affluent du Congo, faisant en partie office de frontière entre la RDC et l'Angola Kasaï
2%
Mont en Namibie, portant le même nom qu'une forteresse allemande Königstein
2%
Aucun quiz correspondant
Distribution des résultats
% des personnes avec chaque résultat
Percentile par nombre de réponses
Votre historique - résultats
Vous n’avez pas pris ce quiz